书目信息 |
| 题名: |
能力导向的课堂有效教学研究
|
|
| 作者: | 余文森 著 | |
| 分册: | ||
| 出版信息: | 北京 中国社会科学出版社 2020.12 |
|
| 页数: | 251页 | |
| 开本: | 24cm | |
| 丛书名: | ||
| 单 册: | ||
| 中图分类: | G424.21 | |
| 科图分类: | ||
| 主题词: | 教学理论 | |
| 电子资源: | ||
| ISBN: | 978-7-5203-7357-9 | |
| 000 | 00703nam0 2200205 45 | |
| 001 | 2330187009 | |
| 005 | 20230227085131.23 | |
| 010 | @a978-7-5203-7357-9@b精装@dCNY 96.00 | |
| 100 | @a20230227d2020 km y0chiy0120 ea | |
| 101 | 0 | @achi |
| 102 | @aCN@b110000 | |
| 200 | 1 | @a能力导向的课堂有效教学研究@Aneng li dao xiang de ke tang you xiao jiao xue yan jiu@e阅读、思考、表达教学法@f余文森著@Fyu wen sen zhu |
| 210 | @a北京@c中国社会科学出版社@d2020.12 | |
| 215 | @a251页@d24cm | |
| 517 | @a阅读、思考、表达教学法@Ayue du、si kao、biao da jiao xue fa | |
| 606 | 0 | @a教学理论 |
| 690 | @aG424.21@v4 | |
| 701 | 0 | @a余文森@Ayu wen sen@4著 |
| 801 | 0 | @aCN@b河南城建学院图书馆@c20230227 |
| 905 | @dG424.21@eY773 | |
| 能力导向的课堂有效教学研究:阅读、思考、表达教学法/余文森著.-北京:中国社会科学出版社,2020.12 |
| 251页;24cm |
| ISBN 978-7-5203-7357-9(精装):CNY 96.00 |
| ● |
| 相关链接 |
|
|
|
正题名:能力导向的课堂有效教学研究
索取号:G424.21/Y773
 
预约/预借
| 序号 | 登录号 | 条形码 | 馆藏地/架位号 | 状态 | 备注 |
| 1 | 1507952 | 215079527 | 材料与化工学院资料室/ [索取号:G424.21/Y773] | 在馆 | |
| 2 | 1507953 | 215079536 | 材料与化工学院资料室/ [索取号:G424.21/Y773] | 在馆 |